Relocating the Japanese worker : (Record no. 14783)

000 -LEADER
fixed length control field 00605cam a2200181 a 4500
020 ## - INTERNATIONAL STANDARD BOOK NUMBER
ISBN 187341031X :
040 ## - CATALOGING SOURCE
Transcribing agency DLC
082 ## - DEWEY DECIMAL CLASSIFICATION NUMBER
Classification number 331 JAP 1995 A070 Or.
100 1# - MAIN ENTRY--AUTHOR NAME
Personal name Wiltshire, Richard.
245 10 - TITLE STATEMENT
Title Relocating the Japanese worker :
Remainder of title geographical perspectives on personnel transfers, career mobility and economic restructuring /
260 ## - PUBLICATION, DISTRIBUTION, ETC. (IMPRINT)
Place of publication Kent :
Name of publisher Japan Library,
Year of publication 1995.
300 ## - PHYSICAL DESCRIPTION
Number of Pages x, 235 p. :
Other physical details ill. ;
Dimensions 24 cm.
650 #0 - SUBJECT ADDED ENTRY--TOPICAL TERM
Topical Term Employees
650 #0 - SUBJECT ADDED ENTRY--TOPICAL TERM
Topical Term Labor mobility
650 #0 - SUBJECT ADDED ENTRY--TOPICAL TERM
Topical Term Occupational mobility
856 42 - ELECTRONIC LOCATION AND ACCESS
Uniform Resource Identifier http://www.loc.gov/catdir/enhancements/fy0909/94221312-d.html
942 ## - ADDED ENTRY ELEMENTS (KOHA)
Koha item type សៀវភៅភាសាអង់គ្លេស
952 ## - LOCATION AND ITEM INFORMATION (KOHA)
Withdrawn status [LOCAL, KOHA] 0
Holdings
Permanent Location Date acquired Koha item type Lost status Shelving location Barcode Current Location Full call number
Library Block A2017-10-25សៀវភៅភាសាអង់គ្លេស A070A06443Library Block A331 JAP 1995 A070 Or.
មជ្ឈមណ្ឌលឯការនៃសាកលវិទ្យាល័យភូមិន្ទកសិកម្មចំការដូង

Powered by Koha